|
|
|
|
| LEADER |
00000cam a22000004a 4500 |
| 001 |
musev2_12969 |
| 003 |
MdBmJHUP |
| 005 |
20230905041433.0 |
| 006 |
m o d |
| 007 |
cr||||||||nn|n |
| 008 |
100511s2010 nyu o 00 0 eng d |
| 010 |
|
|
|z 2010019721
|
| 020 |
|
|
|a 9780815651093
|
| 020 |
|
|
|z 9780815632160
|
| 035 |
|
|
|a (OCoLC)759158757
|
| 040 |
|
|
|a MdBmJHUP
|c MdBmJHUP
|
| 043 |
|
|
|a a-is---
|a ma-----
|a n-us---
|
| 050 |
0 |
4 |
|a DS151.M225
|b K68 2010
|
| 082 |
0 |
|
|a 320.54095694092
|a B
|2 22
|
| 100 |
1 |
|
|a Kotzin, Daniel P.
|
| 245 |
1 |
0 |
|a Judah L. Magnes :
|b An American Jewish Nonconformist /
|c Daniel P. Kotzin.
|
| 250 |
|
|
|a 1st ed.
|
| 264 |
|
1 |
|a Syracuse, N.Y. :
|b Syracuse University Press,
|c 2010.
|
| 264 |
|
3 |
|a Baltimore, Md. :
|b Project MUSE,
|c 2012
|
| 264 |
|
4 |
|c ©2010.
|
| 300 |
|
|
|a 1 online resource (448 pages):
|b ill. ;
|
| 336 |
|
|
|a text
|b txt
|2 rdacontent
|
| 337 |
|
|
|a computer
|b c
|2 rdamedia
|
| 338 |
|
|
|a online resource
|b cr
|2 rdacarrier
|
| 490 |
0 |
|
|a Modern Jewish history
|
| 504 |
|
|
|a Includes bibliographical references and index.
|
| 505 |
0 |
|
|a "A Jewish boy in California" -- The making of an American Jewish dissenter, the making of an American Zionist -- The unconventional rabbi -- The nonconformist American Jewish leader -- The nonconformist American Jewish pacifist -- The Chancellor of the Hebrew University -- The binationalist -- The Zionist conscience.
|
| 588 |
|
|
|a Description based on print version record.
|
| 600 |
1 |
0 |
|a Magnes, Judah Leon,
|d 1877-1948.
|
| 650 |
|
0 |
|a Jewish-Arab relations
|x History
|y 1917-1948.
|
| 650 |
|
0 |
|a Zionism
|z United States.
|
| 650 |
|
0 |
|a College presidents
|z Israel
|v Biography.
|
| 650 |
|
0 |
|a Rabbis
|z United States
|v Biography.
|
| 650 |
|
0 |
|a Zionists
|z United States
|v Biography.
|
| 655 |
|
7 |
|a Electronic books.
|2 local
|
| 710 |
2 |
|
|a Project Muse.
|e distributor
|
| 830 |
|
0 |
|a Modern Jewish history.
|
| 830 |
|
0 |
|a Book collections on Project MUSE.
|
| 856 |
4 |
0 |
|z Texto completo
|u https://projectmuse.uam.elogim.com/book/12969/
|
| 945 |
|
|
|a Project MUSE - Custom Collection
|
| 945 |
|
|
|a Project MUSE - 2010 History
|
| 945 |
|
|
|a Project MUSE - Archive Jewish Studies Foundation
|
| 945 |
|
|
|a Project MUSE - 2010 Complete
|